|
|
|
|
| LEADER |
01082nam a2200253 a 4500 |
| 001 |
GR-MES379 |
| 008 |
991111s gr 000 b eng d |
| 020 |
|
|
|a 0849346495
|
| 040 |
|
|
|a GrPaTEI
|b gre
|c GR-PaULI
|
| 245 |
0 |
0 |
|a Water pollution and fish physiology.
|
| 250 |
|
|
|a 2nd
|
| 260 |
|
|
|a Boca Raton :
|b CRC,
|c c1987
|
| 300 |
|
|
|a 245σελ. :
|b πιν.
|
| 500 |
|
|
|a Περιλαμβάνει βιβλιογραφικές αναφορές
|
| 650 |
|
4 |
|a Μόλυνση νερού
|
| 650 |
|
4 |
|a Φυσιολογία
|
| 650 |
|
4 |
|a Ψάρια
|
| 700 |
1 |
|
|a Heath, Alan G.
|
| 710 |
0 |
|
|a CRC
|
| 942 |
|
|
|2 ddc
|
| 952 |
|
|
|0 0
|1 0
|2 ddc
|4 0
|6 597_024000000000000_HEA
|7 0
|9 263601
|a MSLG
|b MSLG
|c BSC
|d 2021-01-17
|e 24
|f 1
|g 0.00
|l 0
|o 597.024 HEA
|p 2420000003732
|q 2017-01-23
|r 2021-01-17 00:00:00
|t 1
|w 2021-01-17
|y BK15
|x 19991111 0 1
|x GrPaTEI
|
| 952 |
|
|
|0 0
|1 0
|2 ddc
|4 0
|6 597_024000000000000_HEA
|7 0
|9 263602
|a MSLG
|b MSLG
|c BSC
|d 2021-01-17
|e 24
|f 0
|g 0.00
|l 0
|o 597.024 HEA
|p 2420000005997
|r 2021-01-17 00:00:00
|t 1
|w 2021-01-17
|y BK15
|x 19991111 0 1
|x GrPaTEI
|
| 971 |
|
|
|a .b2571420x
|b 15-04-20
|c 13-09-16
|
| 999 |
|
|
|c 151760
|d 151760
|